Epístola de Amarilis a Belardo /
保存先:
| その他の著者: | , |
|---|---|
| フォーマット: | 図書 |
| 言語: | Spanish |
| 出版事項: |
[Pamplona, Spain] : [Madrid] : [Frankfurt am Main] :
Universidad de Navarra ; Iberoamericana ; Vervuert,
2009.
|
| 主題: | |
| タグ: |
タグ追加
タグなし, このレコードへの初めてのタグを付けませんか!
|
MARC
| LEADER | 00000cam a22000004a 4500 | ||
|---|---|---|---|
| 001 | 16236759 | ||
| 005 | 20180209074940.0 | ||
| 008 | 091223s2009 sp 000 0 spa | ||
| 020 | |a 9788484894018 (Iberoamericana) | ||
| 020 | |a 9783865274649 (Vervuert) | ||
| 040 | |a DLC |c CIICLA-UCR | ||
| 041 | 0 | |a spa | |
| 082 | 0 | 4 | |a 861.3 |b E64e |
| 245 | 1 | 0 | |a Epístola de Amarilis a Belardo / |c estudio, edición y notas de Martina Vinatea Recoba. |
| 260 | 1 | |a [Pamplona, Spain] : |b Universidad de Navarra ; |a [Madrid] : |b Iberoamericana ; |a [Frankfurt am Main] : |b Vervuert, |c 2009. | |
| 300 | |a 172 páginas; |c 22 cm. | ||
| 500 | |a Donación Leonardo Sancho Dobles | ||
| 504 | |a Incluye referencias bibliográficas (p. [161]-172). | ||
| 630 | |a Epístola de Amarilis a Belardo. | ||
| 700 | 0 | |a Amarilis, |d active 17th century. | |
| 700 | 1 | |a Vinatea Recoba, Martina |9 167 |e compiladora. | |
| 942 | |2 ddc |c BK | ||
| 999 | |c 21758 |d 21758 | ||



